000
00269nam a22001097a 4500
082
_a
629.13254 BUS'F
100
_a
BUSSARD, R. W,DELAUER, R. D
_9
79700
245
_a
FUNDAMENTAL OF NUCLEAR FLIGHT
260
_a
NEWYORK
_b
MCGRAW HILL
_c
1965
300
_a
453P
942
_c
BK
999
_c
584703
_d
584703